| 000 | 01638nam a2200361 i 4500 | ||
|---|---|---|---|
| 999 |
_c5449 _d5449 |
||
| 003 | OSt | ||
| 005 | 20250918104550.0 | ||
| 008 | 180904s2008 enka e 000 1 eng d | ||
| 020 | _a9780194790635 | ||
| 040 |
_aY$P _beng _cY$P _dOCLCQ _dTVG _dSHS _dUWW _dDLC _dCaNSH _dCaOL _dKH8 _erda |
||
| 082 | _a428.6 TWA | ||
| 100 | 1 |
_aMowat, Diane. _eauthor. |
|
| 245 | 1 | 4 |
_aThe adventures of Huckleberry Finn / _cMark Twain ; retold by Diane Mowat ; illustrated by Paul Fisher Johnson. |
| 246 | 1 | 4 | _aHuckleberry Finn. |
| 250 | _aSimplified edition. | ||
| 264 | 1 |
_aNew York : _bOxford University Press, _c[2008] |
|
| 264 | 4 | _c©2008. | |
| 300 |
_a56 pages : _billustrations ; _c20 cm. |
||
| 336 |
_atext _2rdacontent. |
||
| 337 |
_aunmediated _2rdamedia. |
||
| 338 |
_avolume _2rdacarrier. |
||
| 490 | 1 | _aOxford bookworms library, Classics, Stage 2. | |
| 520 | _aWho wants to live in a house, wear clean clothes, be good, and go to school every day? Not young Huckleberry Finn. So Huck runs away, and is soon floating down the great Mississippi River on a raft. With him is Jim, a black slave, who is also running away. But life is not easy for the two friends, especially when there is a 300 dollars reward being offered to anyone who catches poor Jim. | ||
| 650 | 0 | _aHigh interest-low vocabulary books. | |
| 650 | 0 | _aReaders (Adult) | |
| 650 | 0 |
_aFriendship _vFiction. |
|
| 650 | 0 |
_aEnslavement _vFiction. |
|
| 651 | 0 |
_aMississippi River _vFiction. |
|
| 651 | 0 |
_aMissouri _xHistory _y19th century _vFiction. |
|
| 700 | 1 |
_aFisher-Johnson, Paul. _eillustrator. |
|
| 830 | 0 |
_aOxford bookworms library. _pClassics. _nStage 2. |
|
| 942 |
_2ddc _cTR |
||